Imperial Circles of the Holy Roman Empire - Map Quiz - Statistics

General Stats
  • This quiz has been taken 3,255 times
  • The average score is 8 of 12
Answers on the Map
Answers color-coded by a green-red scale on the quiz's map according to % correct below.
 
Answer Stats
Answer % Correct
Österreichischer Kreis
Austrian Circle
87%
Schweizer Eidgenossenschaft
Swiss Confederation
86%
Länder der Böhmischen Krone
Lands of the Bohemian Crown
85%
Bayerischer Kreis
Bavarian Circle
83%
Burgundischer Kreis
Burgundian Circle
69%
Niedersächsischer Kreis
Lower Saxon Circle
62%
Schwäbischer Kreis
Swabian Circle
61%
Obersächsischer Kreis
Upper Saxon Circle
59%
Fränkischer Kreis
Frankish Circle
51%
Westfälischer Kreis
Westphalian Circle
50%
Kurrheinischer Kreis
Electoral Rhenish Circle
46%
Oberrheinischer Kreis
Upper Rhenish Circle
36%
No matching quizzes found
Score Distribution
Percent of People with Each Score
Percentile by Number Answered
Your Score History
You have not taken this quiz